Hệ thống văn bản pháp luật về công tác thanh tra, kiểm tra, khen thưởng, kỷ luật ngành Giáo dục và Đào tạo

Sách bao gồm bốn phần. Hai phần đầu giới thiệu những quy định chung, công tác thanh tra - kiểm tra ngành giáo dục và đào tạo. Hai phần cuối, nêu lên những mức khen thưởng - kỷ luật, khiếu nại, tố cáo trong ngành giáo dục và đào tạo....

תיאור מלא

שמור ב:
מידע ביבליוגרפי
פורמט: ספר
שפה:Undetermined
יצא לאור: Hà Nội Lao động - Xã hội 2005
נושאים:
תגים: הוספת תג
אין תגיות, היה/י הראשונ/ה לתייג את הרשומה!
Thư viện lưu trữ: Trung tâm Học liệu Trường Đại học Cần Thơ
LEADER 01122nam a2200217Ia 4500
001 CTU_110583
008 210402s9999 xx 000 0 und d
020 |c 212000 
082 |a 353.8 
082 |b H250 
245 0 |a Hệ thống văn bản pháp luật về công tác thanh tra, kiểm tra, khen thưởng, kỷ luật ngành Giáo dục và Đào tạo 
245 0 |c Thúy Nga (sưu tầm và tuyển chọn) 
260 |a Hà Nội 
260 |b Lao động - Xã hội 
260 |c 2005 
520 |a Sách bao gồm bốn phần. Hai phần đầu giới thiệu những quy định chung, công tác thanh tra - kiểm tra ngành giáo dục và đào tạo. Hai phần cuối, nêu lên những mức khen thưởng - kỷ luật, khiếu nại, tố cáo trong ngành giáo dục và đào tạo. 
650 |a Education and state,Public administration,Vietnam 
650 |x Developing countries,Educational policy 
650 |z Vietnam 
904 |i Minh 
980 |a Trung tâm Học liệu Trường Đại học Cần Thơ